000 00553nam a2200181Ia 4500
001 23565
005 20260414150945.0
008 260414t2016||||xx |||||||||||||| ||spa||
041 _aESP
082 _a664.9585
_bB24
100 _aBarrantes Huamaní, Rocío Marisol
_eAUT
245 0 _aLa alpaca y la llama :
_brevalorando las prácticas de crianza y su uso en la alimentación y nutrición en las zonas alto andinas del Perú
260 _c2016
300 _a91 páginas :
_c24 cm.
650 _aTCA
654 _aCII
942 _cLIB
_dJUS
_fJUS
_2ddc
_n
999 _c23565
_d23565